Préfectures des départements français - Statistiques

Statistiques générales
  • Ce quiz a été pris 180 fois
  • Le résultat moyen est 74 sur 101
Statistiques - réponses
Numéro Département Préfecture % Correct
13 Bouches-du-Rhône Marseille
95%
2B Haute-Corse Bastia
94%
2A Corse-du-Sud Ajaccio
93%
06 Alpes-Maritimes Nice
92%
33 Gironde Bordeaux
90%
34 Hérault Montpellier
90%
75 Paris Paris
90%
69 Rhône Lyon
89%
44 Loire-Atlantique Nantes
89%
90 Territoire de Belfort Belfort
88%
17 Charente-Maritime La Rochelle
88%
35 Ille-et-Vilaine Rennes
88%
14 Calvados Caen
86%
21 Côte-d'Or Dijon
86%
59 Nord Lille
86%
05 Hautes-Alpes Gap
85%
67 Bas-Rhin Strasbourg
85%
01 Ain Bourg-en-Bresse
84%
74 Haute-Savoie Annecy
83%
63 Puy-de-Dôme Clermont-Ferrand
83%
38 Isère Grenoble
83%
30 Gard Nîmes
83%
29 Finistère Quimper
83%
42 Loire Saint-Étienne
83%
31 Haute-Garonne Toulouse
83%
78 Yvelines Versailles
81%
76 Seine-Maritime Rouen
80%
83 Var Toulon
80%
73 Savoie Chambéry
79%
66 Pyrénées-Orientales Perpignan
78%
19 Corrèze Tulle
78%
68 Haut-Rhin Colmar
77%
45 Loiret Orléans
77%
22 Côtes d'Armor Saint-Brieuc
77%
10 Aube Troyes
77%
56 Morbihan Vannes
77%
84 Vaucluse Avignon
76%
72 Sarthe Le Mans
76%
57 Moselle Metz
76%
07 Ardèche Privas
76%
62 Pas-de-Calais Arras
75%
11 Aude Carcassonne
75%
08 Ardennes Charleville-Mézières
75%
40 Landes Mont-de-Marsan
75%
54 Meurthe-et-Moselle Nancy
75%
58 Nièvre Nevers
75%
64 Pyrénées-Atlantiques Pau
75%
02 Aisne Laon
74%
03 Allier Moulins
74%
974 La Réunion Saint-Denis
74%
26 Drôme Valence
74%
89 Yonne Auxerre
73%
09 Ariège Foix
73%
79 Deux-Sèvres Niort
73%
24 Dordogne Périgueux
73%
50 Manche Saint-Lô
73%
37 Indre-et-Loir Tours
73%
85 Vendée La Roche-sur-Yon
72%
53 Mayenne Laval
72%
25 Doubs Besançon
71%
41 Loir-et-Cher Blois
71%
18 Cher Bourges
71%
04 Alpes-de-Haute-Provence Digne-les-Bains
71%
15 Cantal Aurillac
70%
972 Martinique Fort-de-France
70%
49 Maine-et-Loire Angers
69%
32 Gers Auch
69%
36 Indre Châteauroux
69%
43 Haute-Loire Le Puy-en-Velay
69%
39 Jura Lons-le-Saunier
69%
973 Guyane Cayenne
68%
88 Vosges Épinal
68%
23 Creuse Guéret
68%
80 Somme Amiens
67%
27 Eure Évreux
67%
86 Vienne Poitiers
67%
60 Oise Beauvais
66%
61 Orne Alençon
65%
16 Charente Angoulême
65%
976 Mayotte Mamoudzou
65%
92 Hauts-de-Seine Nanterre
64%
971 Guadeloupe Basse-Terre
63%
87 Haute-Vienne Limoges
63%
77 Seine-et-Marne Melun
63%
12 Aveyron Rodez
63%
28 Eure-et-Loir Chartres
61%
65 Hautes-Pyrénées Tarbes
61%
93 Seine-Saint-Denis Bobigny
60%
91 Essonne Évry-Courcouronnes
60%
71 Saône-et-Loire Mâcon
59%
48 Lozère Mende
59%
47 Lot-et-Garonne Agen
58%
70 Haute-Saône Vesoul
57%
95 Val-d'Oise Cergy
56%
81 Tarn Albi
55%
51 Marne Châlons-en-Champagne
54%
94 Val-de-Marne Créteil
54%
55 Meuse Bar-le-Duc
52%
82 Tarn-et-Garonne Montauban
51%
46 Lot Cahors
46%
52 Haute-Marne Chaumont
43%
Aucun quiz correspondant
Distribution des résultats
% des personnes avec chaque résultat
Percentile par nombre de réponses
Votre historique - résultats
Vous n’avez pas pris ce quiz